| 000 | 00550nam a22001817a 4500 | ||
|---|---|---|---|
| 003 | OSt | ||
| 005 | 20140310181722.0 | ||
| 008 | 130306t xxu||||| |||| 00| 0 eng d | ||
| 020 | _a9780385340922 | ||
| 050 |
_aB 818 _b.W746 2007 |
||
| 082 |
_aIB 576.801 _bW69 2007 |
||
| 100 | _aWilson, David Sloan. | ||
| 245 |
_aEvolution for everyone : _bhow Darwin's theory can change the way we think about our lives / _cDavid Sloan Wilson. |
||
| 260 |
_aNew York: _bDelacorte Press, _c2007. |
||
| 300 |
_a390 p. : _c22 cm. |
||
| 942 |
_2lcc _cBK |
||
| 999 |
_c2035 _d2035 |
||